| 000 | 00540nam a2200205Ia 4500 | ||
|---|---|---|---|
| 008 | 180920s9999 xx 000 0 und d | ||
| 020 | _a978-1-84794-833-5 | ||
| 050 | _aREF AG 243 | ||
| 050 | _b.R57 2018 | ||
| 245 | 0 | _aRipley's believe it or not! : | |
| 245 | 2 | _ba whirlwind of weird! 2019 / | |
| 260 | _aOrlando, FL : | ||
| 260 | _bRipley Publishing, | ||
| 260 | _c2018 | ||
| 300 | _a255 pages : | ||
| 300 | _bcolored illustrations ; | ||
| 300 | _c30 cm. | ||
| 500 | _aIncludes index. | ||
| 650 | _aCuriousities and wonders. | ||
| 999 |
_c358800 _d358800 |
||